highest grossing war movies - Statistics

General Stats
  • This quiz has been taken 24 times
  • The average score is 6 of 15
Answer Stats
year starring gross film % Correct
1998 Tom Hanks $429 million Saving Private Ryan
94%
2014 Bradley Cooper $403 million American Sniper
72%
1979 Martin Sheen $301 million Apocalypse Now
67%
1939 Vivien Leigh $1.89 billion Gone With the Wind
67%
1970 George C. Scott $373 million Patton
61%
1962 Peter O'Toole $519 million Lawrence of Arabia
56%
2001 Ben Affleck $328 million Pearl Harbor
56%
1957 Alec Guinness $509 million The Bridge on the River Kwai
44%
1981 Bill Murray $287 million Stripes
39%
1965 Julie Christie $1.16 billion Doctor Zhivago
33%
1970 Donald Sutherland $503 million M*A*S*H
22%
1941 Gary Cooper $450 million Sergeant York
11%
2017 Chris Pine $432 million Wonder Woman
6%
1954 Humphrey Bogart $415 million The Caine Mutiny
0%
1921 Alice Terry $430 million The Four Horsemen of the Apocalypse
0%
No matching quizzes found
Score Distribution
Percent of People with Each Score
Percentile by Number Answered
Your Score History
You have not taken this quiz